LEADER 01423nam a2200265 i 4500 001 000000132005 003 CaOOAMICUS 005 20250707105057.0 008 041130s1964 it u000 u ita u 013 $a104944 040 $aSeMil$bita 100 1 $aBesutti, Giuseppe Maria,$c.$0(OLS)http://semarc/name/13817 245 10$aCatalogo degli incunaboli del fondo della Biblioteca dei Servi di Milano /$cGiuseppe M. Besutti ; con una notizia preliminare di Davide M. Montagna. 260 $aMilano :$bConvento dei Servi in S. Carlo,$c1964. 300 $a159 p., VII c. di tav. ;$c24 cm. 490 0 $aBiblioteca Servorum Mediolanensis. Sussidi ;$v1 650 4$aMilano - Biblioteca dei Servi - Fondo Giacinto Amati - Cataloghi.$0(OLS)http://semarc/subject/58085 650 4$aIncunaboli - Cataloghi.$0(OLS)http://semarc/subject/380 700 1 $aMontagna, Davide Maria,$c.$0(OLS)http://semarc/name/5977 830 0$aBiblioteca Servorum Mediolanensis. Sussidi ;$v1.$0(OLS)http://semarc/title/16686 850 $aSeMil 852 $aSeMil$W1$xVenegono$y1$m3Y III 42$j259180$B85932$CSeMilBibl$Z2$F89700 $81 996 $6245$aCatalogo degli incunaboli del fondo della Biblioteca dei Servi di Milano$9(OLS)http://semarc/title/194013 996 $6260$aMilano :$bConvento dei Servi in S. Carlo$9(OLS)http://semarc/publisher/33472 LEADER 01402nam a2200301 i 4500 001 000000106532 003 CaOOAMICUS 005 20090306000000.0 008 090306s2000 it u000 u ita u 013 $a78726 020 $a88-308-0698-6 040 $aSeMil$bita 245 10$aCristianesimo in eredità :$bla filosofia di fronte alla Fede /$ca cura di Roberto Mancini e Giuseppe Cacciatore ; scritti di G. Ferretti ... [et al.]. 260 $aAssisi :$bCittadella,$c2000. 300 $a187 p. ;$c19 cm. 490 0 $aCittadella incontri 500 $aAtti del 31. Seminario di studio "Filosofia" tenuto ad Assisi nel 1998. 650 4$aCristianesimo e filosofia.$0(OLS)http://semarc/subject/284 700 1 $aMancini, Roberto,$d<1958- >.$0(OLS)http://semarc/name/2634 700 1 $aFerretti, Giovanni,$d<1933- >.$0(OLS)http://semarc/name/4227 700 1 $aCacciatore, Giuseppe <1945- >.$0(OLS)http://semarc/name/3798 830 0$aCittadella incontri.$0(OLS)http://semarc/title/6297 850 $aSeMil 852 $aSeMil$W1$xVenegono$y1$m2P VI 265$j62664$B62664$CSeMilBibl$Z2$F71991 $81 961 $aAcquisto: Mescat 996 $6020$a88-308-0698-6$9(OLS)http://semarc/number/87238 996 $6245$aCristianesimo in eredità :$bla filosofia di fronte alla Fede$9(OLS)http://semarc/title/154527 996 $6260$aAssisi :$bCittadella$9(OLS)http://semarc/publisher/29661